[Event "AUTO-OPEN-850"]
[Site "http://www.queenalice.com/game.php?id=279903"]
[Date "2007.10.1"]
[Round "1"]
[White "JCJ"]
[Black "Tessaro"]
[Result "0-1"]
[WhiteElo "1453"]
[BlackElo "1949"]

1. e4 c5 2. c4 d6 3. Nf3 Nf6 4. Nc3 e6 5. Ng5 h6 6. Nf3 Nc6 7. d3 Be7 8. Be2 O-O
9. O-O Nd7 10. a4 Nde5 11. Bf4 Nxf3+ 12. Bxf3 Bf6 13. Ra3 Bg5 14. Bxg5 Qxg5 15.
g3 Nd4 16. Bg2 Bd7 17. Nb5 Bxb5 18. cxb5 d5 19. exd5 exd5 20. Qc1 Ne2+ 21. Kh1
Nxc1 22. Rxc1 Qxc1+ 23. Bf1 Qxf1# 0-1

[Event "AUTO-OPEN-850"]
[Site "http://www.queenalice.com/game.php?id=279926"]
[Date "2007.10.1"]
[Round "1"]
[White "JCJ"]
[Black "Bebeto"]
[Result "0-1"]
[WhiteElo "1450"]
[BlackElo "1839"]

1. e4 e5 2. Nf3 Nc6 3. d4 Nxd4 4. Nxd4 exd4 5. Qxd4 d6 6. Nc3 Be7 7. Qxg7 Bf6 8.
Qg3 Qe7 9. Bg5 Bxg5 10. Bd3 c6 11. O-O Bd7 12. f4 Bf6 13. Na4 O-O-O 14. Rae1 Bh4
15. Qg7 Nf6 16. g3 Rhg8 17. Qh6 Ne8 18. Qxh7 Rg4 19. Be2 Rg7 20. Qh5 Nc7 21. Kh1
Bxg3 22. hxg3 Rxg3 23. Rg1 Qxe4+ 24. Kh2 Rh3+ 25. Qxh3 Bxh3 26. Kxh3 Rh8+ 27.
Kg3 Qe3+ 28. Kg2 Rg8+ 29. Kh1 Qh3# 0-1

[Event "AUTO-OPEN-850"]
[Site "http://www.queenalice.com/game.php?id=279927"]
[Date "2007.10.1"]
[Round "1"]
[White "Bebeto"]
[Black "JCJ"]
[Result "1-0"]
[WhiteElo "1928"]
[BlackElo "1502"]

1. d4 d5 2. c4 dxc4 3. e3 e6 4. Bxc4 Nf6 5. Nf3 c6 6. O-O Na6 7. a3 b5 8. Ba2
Bd6 9. b4 O-O 10. Nbd2 Ng4 11. e4 e5 12. Bb2 Be6 13. Bxe6 fxe6 14. dxe5 Be7 15.
Nd4 Nxe5 16. Nxe6 Qd6 17. Nxf8 Kxf8 18. Bxe5 Qxe5 19. Nb3 Rd8 20. Qg4 g6 21.
Rac1 Nb8 22. Nc5 Bxc5 23. Rxc5 Qe7 24. h3 Nd7 25. Rxc6 Ne5 26. Qf4+ Ke8 27. Qf6
Qxf6 28. Rxf6 Nd7 29. Rd6 Ke7 30. Rfd1 h5 31. Rxg6 Ne5 32. Rxd8 Kxd8 33. Ra6 Nc4
34. Rxa7 Kc8 35. Rh7 Nd2 36. e5 Nc4 37. Rxh5 Nxa3 38. f4 Kd7 39. f5 Nc4 40. e6+
Ke7 41. Rh7+ Kf8 42. f6 Kg8 43. f7+ Kxh7 44. f8=Q Ne5 45. e7 Nd7 46. Qf7+ Kh6
47. e8=Q Nf6 48. Qg6# 1-0

[Event "Challenge"]
[Site "http://www.queenalice.com/game.php?id=283313"]
[Date "2007.10.9"]
[Round "-"]
[White "JCJ"]
[Black "Saraceno"]
[Result "1-0"]
[WhiteElo "1452"]
[BlackElo "1125"]

1. e4 d5 2. d3 Nf6 3. Nf3 e6 4. Ne5 Qd6 5. f4 b6 6. exd5 Qxd5 7. Qf3 h5 8. c4
Qd4 9. Nc3 Bb4 10. Qxa8 Nfd7 11. Qxa7 Qd6 12. Qa4 b5 13. Qxb5 Na6 14. a3 Bc5 15.
Nxd7 Bxd7 16. Qb3 e5 17. Ne4 Qd4 18. fxe5 Bg4 19. Qb5+ c6 20. Qxa6 Rh6 21. Bxh6
Qxb2 22. Qxc6+ Kd8 23. Qxc5 Qxa1+ 24. Kf2 f5 25. Ng3 g6 26. e6 Qd1 27. e7+ Ke8
28. Be2 Qd2 29. Bxd2 1-0

[Event "AUTO-INT-663"]
[Site "http://www.queenalice.com/game.php?id=292948"]
[Date "2007.10.25"]
[Round "1"]
[White "jonathanodonnell"]
[Black "JCJ"]
[Result "1-0"]
[WhiteElo "1873"]
[BlackElo "1481"]

1. e4 e5 2. Nf3 d6 3. Bc4 Be6 4. Bxe6 fxe6 5. O-O Nc6 6. d3 d5 7. Bg5 Be7 8.
Bxe7 Ngxe7 9. Nbd2 dxe4 10. dxe4 Nd4 11. Nxe5 Nec6 12. Ndf3 Nxf3+ 13. Qxf3 Nxe5
14. Qh5+ Nf7 15. Rad1 Qe7 16. f4 O-O 17. Rf3 g6 18. Qg4 Nh6 19. Qh3 Rad8 20.
Rdf1 Qc5+ 21. Kh1 Rd2 22. Qxh6 Qh5 23. Qxh5 gxh5 24. R1f2 Rd1+ 25. Rf1 Rd4 26.
e5 Rf5 27. g3 h6 28. h4 Rd5 29. Kg2 Rb5 30. b3 Ra5 31. a4 Rc5 32. R1f2 Kf7 33.
Rd3 a6 34. Kf3 Kg6 35. Ke4 Rf7 36. c4 b5 37. axb5 axb5 38. Rd4 bxc4 39. b4 Rc6
40. Rc2 c3 41. Rd8 Rc4+ 42. Rd4 Rc6 43. Rd3 Rc4+ 44. Rd4 Rc6 45. b5 Rc5 46. Rb4
c6 47. b6 Rb5 48. Rxb5 cxb5 49. Rxc3 Rb7 50. Rc6 Kf7 51. Rc7+ Rxc7 52. bxc7 b4
53. c8=Q b3 54. Qb7+ Ke8 55. Qxb3 Ke7 56. Qb7+ Kf8 57. Qh7 Ke8 58. Qxh6 Kf7 59.
Qxh5+ Ke7 60. Qh7+ Kd8 61. Qf7 1-0

[Event "AUTO-INT-663"]
[Site "http://www.queenalice.com/game.php?id=292949"]
[Date "2007.10.25"]
[Round "1"]
[White "JCJ"]
[Black "jonathanodonnell"]
[Result "0-1"]
[WhiteElo "1509"]
[BlackElo "1787"]

1. e4 c6 2. d4 d5 3. exd5 cxd5 4. Nc3 Nc6 5. Nf3 Bg4 6. Bb5 a6 7. Bxc6+ bxc6 8.
Bg5 f6 9. Bh4 Nh6 10. Bg3 Nf7 11. h3 Bf5 12. O-O e6 13. a4 Bb4 14. Na2 Ba5 15.
b4 Bc7 16. Bxc7 Qxc7 17. Rb1 O-O 18. b5 axb5 19. axb5 Rxa2 20. Qd2 Rxc2 21. Qd1
cxb5 22. g4 Bg6 23. Rxb5 Rc8 24. Rc5 Rxc5 25. dxc5 Qxc5 26. Nd4 e5 27. Nb3 Qc3
28. Kh2 Bc2 29. Qxd5 Bxb3 30. Qd7 h6 31. h4 Qc6 32. Qd3 Bc4 33. Qd1 Bxf1 34.
Qxf1 Nd6 35. g5 hxg5 36. hxg5 Kf7 37. Qh3 Ne4 38. Qh5+ Kg8 39. gxf6 gxf6 40. f3
Ng5 41. Qg4 Qe6 42. Qg3 Qa2+ 43. Qg2 Qxg2+ 44. Kxg2 Rc2+ 45. Kg3 Rc3 46. Kg4
Rxf3 47. Kh5 e4 48. Kg6 e3 49. Kh6 Kf7 50. Kh5 e2 51. Kh6 Rh3# 0-1

[Event "AUTO-INT-663"]
[Site "http://www.queenalice.com/game.php?id=292963"]
[Date "2007.10.25"]
[Round "1"]
[White "JCJ"]
[Black "AprendizdeXadrez"]
[Result "0-1"]
[WhiteElo "1498"]
[BlackElo "1470"]

1. e4 e5 2. Nf3 Qf6 3. d4 exd4 4. Nxd4 Bc5 5. Be3 Nc6 6. Nf5 Bxe3 7. fxe3 Qxb2
8. Nd2 Nb4 9. Bd3 Nxa2 10. Qb1 Qxb1+ 11. Rxb1 Nc3 12. Rb3 Na2 13. Nxg7+ Kf8 14.
Ne6+ fxe6 15. O-O+ Ke7 16. e5 a5 17. Ne4 Nb4 18. Bb5 Nxc2 19. Rc3 Nb4 20. Rxc7
Nd5 21. Rc5 a4 22. Ra1 Nxe3 23. Bxa4 b6 24. Rc3 Nd5 25. Rg3 b5 26. Rg7+ Kf8 27.
Rg3 bxa4 28. Rf3+ Ke7 29. Raf1 Nh6 30. h3 a3 31. Nd6 a2 32. Ra1 Nb4 33. Rf2 Rf8
34. Rb2 Ra4 35. Rb3 Nc2 36. Rxa2 Rxa2 37. Rb8 Ra1+ 38. Kh2 Re1 39. Nxc8+ Kf7 40.
Kg3 Rxe5 41. Nd6+ Kg7 42. Rb7 Re3+ 43. Kh4 Rf4+ 44. Kh5 Re5+ 45. Nf5+ Rexf5# 0-1

[Event "AUTO-INT-663"]
[Site "http://www.queenalice.com/game.php?id=292972"]
[Date "2007.10.25"]
[Round "1"]
[White "JCJ"]
[Black "Indefinable"]
[Result "0-1"]
[WhiteElo "1456"]
[BlackElo "1872"]

1. e4 e5 2. Nf3 Nc6 3. Bb5 d6 4. O-O Nf6 5. Nc3 Be7 6. d3 O-O 7. d4 Bg4 8. h3
Bxf3 9. Qxf3 Nxd4 10. Qg3 Nxb5 11. Nxb5 Nxe4 12. Qf3 f5 13. g4 Ng5 14. Bxg5 Bxg5
15. gxf5 c6 16. Nc3 Bf4 17. Ne4 Rxf5 18. Qg4 g6 19. Rad1 d5 20. Ng3 Rg5 21. Qf3
Qd7 22. h4 Rg4 23. Qg2 Rxh4 24. f3 Rh3 25. Ne2 Rh2 26. Qxh2 Bxh2+ 27. Kxh2 Rf8
28. f4 Qg4 29. Rde1 Rf5 30. Rg1 Rh5# 0-1

[Event "AUTO-INT-663"]
[Site "http://www.queenalice.com/game.php?id=292973"]
[Date "2007.10.25"]
[Round "1"]
[White "Indefinable"]
[Black "JCJ"]
[Result "1-0"]
[WhiteElo "1895"]
[BlackElo "1460"]

1. e4 e5 2. Nf3 d6 3. d4 Nc6 4. dxe5 dxe5 5. Qxd8+ Nxd8 6. Nxe5 Bb4+ 7. Bd2 a5
8. Bc4 Nf6 9. f3 Ne6 10. c3 Bd6 11. Bb5+ c6 12. Nxc6 Bd7 13. Nd4 Ng5 14. Bxd7+
Nxd7 15. Bxg5 O-O 16. O-O Nc5 17. Na3 Nd3 18. Nc4 Bc5 19. Rad1 Nf4 20. Bxf4 b6
21. Bd6 Rfd8 22. Bxc5 bxc5 23. Nc6 Rxd1 24. Rxd1 h6 25. Rd8+ Rxd8 26. Nxd8 Kf8
27. Nxa5 Ke8 28. Nac6 f6 29. a4 Kd7 30. a5 g5 31. a6 Kc8 32. a7 Kc7 33. a8=Q Kd6
34. Qc8 h5 35. Nb7# 1-0

[Event "AUTO-OPEN-879"]
[Site "http://www.queenalice.com/game.php?id=293104"]
[Date "2007.10.26"]
[Round "1"]
[White "thw"]
[Black "JCJ"]
[Result "1/2-1/2"]
[WhiteElo "1846"]
[BlackElo "1446"]

1. e4 e5 2. Nf3 d6 3. Bc4 Be6 4. Bxe6 fxe6 5. O-O Nf6 6. d3 Nc6 7. Bg5 Be7 8. c3
d5 9. Nbd2 dxe4 10. Nxe4 Nxe4 11. Bxe7 Nxe7 12. dxe4 Ng6 13. Qxd8+ Kxd8 14.
Rfd1+ Ke7 15. Rd2 Rad8 16. Rad1 Rxd2 17. Rxd2 Rd8 18. Rxd8 Kxd8 19. Ng5 Nf8 20.
Kf1 h6 21. Nf7+ Kc8 22. Nxe5 Nd7 23. Nxd7 Kxd7 24. Ke2 Ke7 25. Ke3 Kf6 26. f4 e5
27. f5 Kg5 28. Kf3 Kf6 29. h4 h5 30. Ke3 g5 31. hxg5+ Kxg5 32. Kf3 h4 33. b4 b5
34. a3 c6 35. g3 hxg3 36. Kxg3 a6 37. Kf3 Kf6 38. Ke3 Ke7 39. Kd3 Kf6 40. c4 Kg5
41. cxb5 cxb5 42. Ke3 Kf6 43. Kf3 Kg5 44. Kg3 Kh5 45. Kh3 1/2-1/2

[Event "AUTO-OPEN-879"]
[Site "http://www.queenalice.com/game.php?id=293105"]
[Date "2007.10.26"]
[Round "1"]
[White "JCJ"]
[Black "thw"]
[Result "0-1"]
[WhiteElo "1448"]
[BlackElo "1915"]

1. e4 e6 2. d4 d5 3. exd5 exd5 4. Nf3 Nf6 5. Ne5 Bd6 6. Nc4 dxc4 7. Bxc4 O-O 8.
O-O Nc6 9. d5 Na5 10. Bd3 Nxd5 11. Nc3 Nxc3 12. bxc3 Nc6 13. Qh5 g6 14. Qh6 Qf6
15. Bg5 Qxc3 16. Rad1 Qg7 17. Qh4 Re8 18. Bf6 Qf8 19. Rde1 Be6 20. Re3 Be7 21.
Rf3 Bxf6 22. Rxf6 Rad8 23. Qg3 Re7 24. Qxc7 Rxc7 25. Rxe6 Re7 26. Re3 Rxe3 27.
fxe3 Qa3 28. Ra1 Qb2 29. Rf1 Qxa2 30. h3 Nb4 31. Be4 Nxc2 32. Bxc2 Qxc2 33. g3
Rd2 0-1

[Event "AUTO-OPEN-879"]
[Site "http://www.queenalice.com/game.php?id=293126"]
[Date "2007.10.26"]
[Round "1"]
[White "gamelover"]
[Black "JCJ"]
[Result "0-1"]
[WhiteElo "1794"]
[BlackElo "1473"]

1. d4 d5 2. c4 dxc4 3. e4 Nc6 4. Nf3 Be6 5. d5 Bd7 6. dxc6 Bxc6 7. Qxd8+ Rxd8 8.
Bxc4 Bxe4 9. Bxf7+ Kxf7 10. Ng5+ Ke8 11. Nxe4 Nf6 12. Nbc3 Rd4 13. Nxf6+ exf6
14. Be3 Rb4 15. O-O-O Bd6 16. Rd3 a5 17. a3 Rg4 18. g3 h5 19. Re1 Kd7 20. f3 Rc4
21. Kc2 Re8 22. b3 Rc6 23. Red1 Re6 24. Kb2 b6 25. Nb5 Rxe3 0-1

[Event "AUTO-OPEN-879"]
[Site "http://www.queenalice.com/game.php?id=293127"]
[Date "2007.10.26"]
[Round "1"]
[White "JCJ"]
[Black "gamelover"]
[Result "0-1"]
[WhiteElo "1482"]
[BlackElo "1896"]

1. e4 e6 2. d4 d5 3. exd5 exd5 4. Nc3 Bb4 5. Bd2 Nc6 6. Nxd5 Bxd2+ 7. Qxd2 Qxd5
8. Nf3 Bg4 9. h3 Bxf3 10. Rh2 Be4 11. c3 Nf6 12. Bd3 O-O-O 13. f3 Bxd3 14. Qxd3
Rhe8+ 15. Kf2 Re6 16. Re1 Rde8 17. Rxe6 Qxe6 18. f4 Nd5 19. g3 Qe1+ 20. Kf3 Re3+
21. Qxe3 Qxe3+ 22. Kg4 Nf6+ 23. Kh4 h6 24. g4 g5+ 25. fxg5 hxg5# 0-1

[Event "AUTO-OPEN-879"]
[Site "http://www.queenalice.com/game.php?id=293138"]
[Date "2007.10.26"]
[Round "1"]
[White "rsgaspar"]
[Black "JCJ"]
[Result "1-0"]
[WhiteElo "1735"]
[BlackElo "1471"]

1. e4 e5 2. Nf3 Nc6 3. Bc4 Nf6 4. d3 d6 5. h3 Na5 6. Nbd2 Be6 7. Bxe6 fxe6 8. c3
d5 9. O-O Bc5 10. b4 Bxf2+ 11. Rxf2 d4 12. cxd4 exd4 13. bxa5 Qd6 14. e5 Qa6 15.
exf6 gxf6 16. Nc4 O-O-O 17. Rb2 b6 18. axb6 axb6 19. Bf4 e5 20. Bg3 Rhg8 21. Kh2
Rg7 22. Rc1 Kd7 23. Bh4 Rf8 24. Nfd2 Rfg8 25. Ne4 Rf8 26. Bxf6 Rg6 27. Nxe5+ Ke6
28. Nxg6 Rg8 29. Qg4+ Kf7 30. Ne5+ Kf8 31. Qf3 Qc8 32. Bg5+ Ke8 33. Qf7# 1-0

[Event "AUTO-OPEN-879"]
[Site "http://www.queenalice.com/game.php?id=293139"]
[Date "2007.10.26"]
[Round "1"]
[White "JCJ"]
[Black "rsgaspar"]
[Result "0-1"]
[WhiteElo "1480"]
[BlackElo "1716"]

1. e4 e5 2. Nf3 Nc6 3. Nc3 Bc5 4. Bc4 d6 5. O-O h6 6. d3 a6 7. a4 Nf6 8. b3 Na5
9. Be3 Bb4 10. Na2 Nxc4 11. dxc4 Ba5 12. c3 c6 13. b4 Bb6 14. Bxb6 Qxb6 15. Qxd6
Nd7 16. Nxe5 Nf6 17. Rae1 Be6 18. a5 Qa7 19. Nc1 Rd8 20. Qc7 Qa8 21. b5 cxb5 22.
cxb5 O-O 23. bxa6 Qxa6 24. Qc5 Rc8 25. Qb4 Nd7 26. Nxd7 Bxd7 27. Nb3 Bb5 28. Nc5
Qc6 29. Nb3 Bxf1 30. Kxf1 Rfe8 31. Nd4 Qxc3 32. Qxc3 Rxc3 33. Re3 Rxe3 34. fxe3
Rxe4 35. Ke2 Re5 36. Nb3 Rb5 37. Nd4 Rxa5 38. Nb3 Ra2+ 39. Kf3 f6 40. Nd4 Kf7
41. h4 Rb2 42. g4 b5 43. Ke4 b4 44. Kd3 Rg2 45. Kc4 Rxg4 46. Kxb4 Rxh4 47. Kc5
Re4 48. Kd5 Rxe3 49. Nc6 h5 50. Kd4 Re8 51. Kd5 h4 52. Kd6 h3 53. Nd4 h2 0-1

[Event "The big Arthur"]
[Site "http://www.queenalice.com/game.php?id=296341"]
[Date "2007.11.1"]
[Round "-"]
[White "Camaraujo"]
[Black "JCJ"]
[Result "1-0"]
[WhiteElo "2053"]
[BlackElo "1452"]

1. Nc3 e5 2. Nf3 Nc6 3. d4 exd4 4. Nxd4 Bc5 5. Be3 Nf6 6. Nxc6 bxc6 7. Bxc5 d6
8. Ba3 O-O 9. e3 Rb8 10. Qf3 Bb7 11. Bd3 d5 12. Bxf8 Kxf8 13. Qf4 Qc8 14. O-O
Ba6 15. Bxa6 Qxa6 16. Qxc7 Rxb2 17. Qd6+ Ke8 18. Nxd5 Nxd5 19. Qe5+ Kd7 20. Qxb2
h5 21. e4 Nf4 22. Qxg7 Ke6 23. Qh6+ Ke5 24. Rad1 Nd5 25. f4+ Kxe4 26. Qh7+ f5
27. Rfe1+ Kxf4 28. Rd4+ Kg5 29. Qg7# 1-0

[Event "AUTO-INT-690"]
[Site "http://www.queenalice.com/game.php?id=307155"]
[Date "2007.11.20"]
[Round "1"]
[White "marcosbratz"]
[Black "JCJ"]
[Result "1-0"]
[WhiteElo "1783"]
[BlackElo "1503"]

1. e4 e5 2. Nf3 Nc6 3. Bb5 Nd4 4. Nxd4 exd4 5. O-O c6 6. Ba4 b5 7. Bb3 Ba6 8.
Qf3 f6 9. d3 Ne7 10. Bf4 Ng6 11. Bg3 h5 12. a4 bxa4 13. Rxa4 Bb5 14. Rxd4 Bc5
15. Rc4 Bxc4 16. Bxc4 Rb8 17. b3 Rb4 18. Qf5 Rh6 19. Qxc5 Rb7 20. Nc3 d6 21.
Bxd6 Qc8 22. Nd5 Qd7 23. Ne3 Rb6 24. Nf5 Rh7 25. g3 h4 26. Ra1 Rb7 27. h3 hxg3
28. Bxg3 Rxh3 29. Nxg7+ Qxg7 30. Qxc6+ Rd7 31. Be6 Nf8 32. Bxh3 Ke7 33. Bxd7
Nxd7 34. Qd6+ Kd8 35. Rxa7 Ke8 36. Qb8+ Ke7 37. Rxd7+ Kxd7 38. Qb7+ Ke6 39. Qxg7
f5 40. Qg6+ Kd7 41. Qd6+ Kc8 42. Qc7# 1-0

[Event "AUTO-INT-690"]
[Site "http://www.queenalice.com/game.php?id=307156"]
[Date "2007.11.20"]
[Round "1"]
[White "JCJ"]
[Black "marcosbratz"]
[Result "0-1"]
[WhiteElo "1487"]
[BlackElo "1769"]

1. e4 e5 2. Nf3 Nc6 3. Nc3 Nf6 4. Bc4 Bc5 5. b3 O-O 6. O-O a6 7. Na4 Ba7 8. d3
d5 9. Bxd5 Nxd5 10. Bg5 Nf6 11. Bxf6 Qxf6 12. c3 Bd7 13. d4 exd4 14. Nxd4 Nxd4
15. cxd4 Bxa4 16. bxa4 Bxd4 17. Rb1 Rfd8 18. Rxb7 Bxf2+ 19. Rxf2 Rxd1+ 20. Rf1
Qxf1# 0-1

[Event "AUTO-INT-690"]
[Site "http://www.queenalice.com/game.php?id=307171"]
[Date "2007.11.20"]
[Round "1"]
[White "appalachia"]
[Black "JCJ"]
[Result "0-1"]
[WhiteElo "1341"]
[BlackElo "1466"]

1. c4 e5 2. d4 exd4 3. Qxd4 Nc6 4. Qd1 Nf6 5. Nd2 Bb4 6. Qc2 O-O 7. a3 Bc5 8.
Ne4 Nxe4 9. Qxe4 Nd4 10. e3 Nb3 11. Be2 Nxa1 12. b4 Be7 13. Bb2 Bf6 14. Nf3 Bxb2
15. O-O Bxa3 16. Rxa1 Bxb4 17. g4 a5 18. Kg2 Qf6 19. Rd1 a4 20. Qe5 Qxe5 21.
Nxe5 a3 22. Bd3 a2 23. Bf5 a1=Q 24. Rxa1 Rxa1 25. Kf3 d6 0-1

[Event "AUTO-INT-690"]
[Site "http://www.queenalice.com/game.php?id=307172"]
[Date "2007.11.20"]
[Round "1"]
[White "JCJ"]
[Black "appalachia"]
[Result "1-0"]
[WhiteElo "1477"]
[BlackElo "1330"]

1. e4 d5 2. exd5 Qxd5 3. Nc3 Qd8 4. Nf3 e6 5. Bc4 Qd5 6. Bxd5 exd5 7. Nxd5 Bd6
8. Nxc7+ Bxc7 9. Qe2+ Be6 10. O-O Ne7 11. Qe4 Nbc6 12. Qa4 O-O 13. b4 Bd7 14. c3
a6 15. b5 Na7 16. Qe4 Rab8 17. Qxe7 Bxb5 18. Re1 Bd8 19. Qe5 Bf6 20. Qc5 Nc6 21.
a4 Bd3 22. Bb2 Rfe8 23. Qd5 Bg6 24. Ba3 Rbd8 25. Qa2 b5 26. axb5 Ne5 27. bxa6
Nd3 28. Rxe8+ Rxe8 29. Qd5 h6 30. a7 Be4 31. Qb5 1-0

[Event "AUTO-INT-690"]
[Site "http://www.queenalice.com/game.php?id=307181"]
[Date "2007.11.20"]
[Round "1"]
[White "erivaldoadao"]
[Black "JCJ"]
[Result "1-0"]
[WhiteElo "1561"]
[BlackElo "1477"]

1. e4 e5 2. Nf3 Nc6 3. Bb5 d6 4. Bxc6+ bxc6 5. d3 Nf6 6. Bg5 Be7 7. O-O Ng4 8.
Bxe7 Qxe7 9. h3 Nh6 10. d4 O-O 11. Nc3 Ba6 12. Re1 c5 13. Nd5 Qd7 14. Nc3 c4 15.
Nd5 Rab8 16. Rb1 c5 17. dxc5 Rbe8 18. c3 dxc5 19. Nf6+ gxf6 20. Qxd7 Bc8 21. Qb5
a6 22. Qxc5 f5 23. Qxc4 fxe4 24. Rxe4 Bf5 25. Rxe5 Bxb1 26. Rxe8 Rxe8 27. Qxa6
Nf5 28. Qb5 Nd6 29. Qg5+ Bg6 30. Ne5 Kg7 31. Nxg6 fxg6 32. Qc5 Re1+ 33. Kh2 Ne4
34. Qe7+ Kh6 35. a4 g5 36. f3 Rb1 37. fxe4 Rxb2 38. Qf6+ Kh5 39. e5 g4 40. hxg4+
Kxg4 41. e6 Rb6 42. Qd4+ Kf5 43. Qxb6 Kf6 44. a5 h5 45. a6 h4 46. a7 Kf5 47. e7
Ke5 48. a8=Q 1-0

[Event "AUTO-INT-690"]
[Site "http://www.queenalice.com/game.php?id=307182"]
[Date "2007.11.20"]
[Round "1"]
[White "JCJ"]
[Black "erivaldoadao"]
[Result "1/2-1/2"]
[WhiteElo "1504"]
[BlackElo "1484"]

1. e4 e5 2. Nf3 d6 3. Nc3 Bg4 4. Be2 Bxf3 5. Bxf3 Nc6 6. O-O Nf6 7. d3 g6 8. Bg5
Be7 9. Qd2 O-O 10. Bxf6 Bxf6 11. Nd5 Nd4 12. c3 Nxf3+ 13. gxf3 c6 14. Nb4 c5 15.
Nd5 Bg7 16. b4 b6 17. bxc5 bxc5 18. d4 cxd4 19. cxd4 Qh4 20. dxe5 Bxe5 21. f4
Bxa1 22. Rxa1 Qg4+ 23. Kf1 Qh3+ 24. Kg1 Qg4+ 25. Kh1 Qf3+ 26. Kg1 Qg4+ 1/2-1/2